Anuario de Derecho Público 2013

Guardat en:
Dades bibliogràfiques
Autor corporatiu: Universidad Diego Portales (Autor)
Format: Llibre
Idioma:espanyol
Publicat: Santiago Universidad Diego Portales 2013
Edició:1a. ed
Matèries:
Accés en línia:Disponible Online - Desde Derecho UDP
Etiquetes: Afegir etiqueta
Sense etiquetes, Sigues el primer a etiquetar aquest registre!

MARC

LEADER 00000cam a2200000 a 4500
001 UCF9567
003 CL-VaPUC
005 20250414142736.0
008 131129e20130800cl |||||||||||||||||spa|d
999 |c 354010  |d 354008 
020 |a 9789563142280 
040 |c Pontificia Universidad Católica de Valparaíso 
082 0 4 |a 342.83066 UNI 2013  |b UNI  |2 21 
110 2 |a Universidad Diego Portales  |e author  |9 571935 
245 1 0 |a Anuario de Derecho Público 2013 
250 |a 1a. ed 
260 |a Santiago  |b Universidad Diego Portales  |c 2013 
300 |a 656 p 
505 |a SECCIÓN DERECHO CONSTITUCIONAL DEBATE SOBRE NUEVA CONSTITUCIÓN Y ASAMBLEA CONSTITUYENTE ¿Ha llegado la hora de una nueva Constitución? / Jorge Correa Sutil Ruptura o continuidad institucional: ¿Necesita Chile una asamblea constituyente? / Jorge Jaraquemada y Héctor Mery “Chile es una república democrática”: la asamblea constituyente como salida a la cuestión constitucional / Fernando Muñoz OTROS DESARROLLOS RELEVANTES EN EL DERECHO CONSTITUCIONAL Los jueces al acecho. Acerca de la Independencia de la Judicatura en Chile / Andrés Bordalí La “Reforma a la Reforma Procesal Penal”: Análisis de la gestación y contenidos de un proyecto de ley /Mauricio Duce Comentario a la sentencia del Tribunal Constitucional sobre requerimiento de inaplicabilidad por inconstitucionalidad del inciso final del artículo 41 del DFL 850 de 1997 del Ministerio de Obras Públicas / Francisco Zúñiga Urbina Inviolabilidad de correos electrónicos. Comentarios al fallo 2153-2011 del Tribunal Constitucional / Rodolfo Figueroa La sombra y el resplandor de la desobediencia: Sobre la difícil relación entre el Gobierno y la Justicia en la Argentina /Martín Böhmer Estándares y criterios para la creación de un órgano antidiscriminación en Chile: Desafíos pendientes y opciones institucionales / Alberto Coddou y Tomás Vial SECCIÓN DERECHO ADMINISTRATIVO La jurisprudencia ambiental reciente: Tendencia al reconocimiento de principios y garantismo con los pueblos indígenas / Jorge Bermúdez y Dominique Hervé Nulidad y dictaminación de Contraloría: Nuevas formas de declaraciones de ilegalidad. Comentario a las sentencias del caso CMPC / Luis Cordero Vega Ley de Pesca: Explicando un regalo regulatorio / Matías Guiloff Los Tribunales Ambientales: Se completa la reforma a la institucionalidad ambiental / Marie Claude Plumer Información privilegiada, Ficha Estadística Codificada Uniforme (FECU) y deber de abstención: Comentario a la sentencia de la Corte Suprema en el caso LAN / Rafael Mery SECCIÓN DERECHO INTERNACIONAL COMENTARIOS A LA SENTENCIA DE LA CORTE INTERAMERICANA SOBRE FECUNDACIÓN IN VITRO Sentencia de la Corte Interamericana de Derechos Humanos en Caso Artavia Murillo y Otros (Fecundación in vitro) vs. Costa Rica / Francisco Zúñiga La protección de la vida humana entre paréntesis. Comentario crítico a la Sentencia Artavia Murillo y otros (“Fecundación in vitro”) vs. Costa Rica, de la Corte Interamericana De Derechos Humanos / Luis Alejandro Silva Irarrázaval Los desafíos para Chile de la decisión Artavia Murillo contra Costa Rica de la Corte IDH (Caso fertilización in vitro): Algunos comentarios / Lidia Casas Becerra OTROS DESARROLLOS RELEVANTES EN EL DERECHO INTERNACIONAL PÚBLICO La Revolución Bolivariana, el derecho público y la comunidad internacional / José Zalaquett Laudo en Caso CIADI No. Arb/07/23, Railroad Development Corporation (RDC) c. Guatemala / Sebastián López Religión, derechos humanos y práctica constitucional en el Medio Oriente: El caso palestino en contexto Emilio Dabed Las reformas recientes al sistema interamericano de derechos humanos /Felipe González Prohibición de la discriminación por orientación sexual en los sistemas regionales: La sentencia de la Corte Interamericana de Derechos Humanos en el caso Atala Riffo vs. Chile / Flávia Piovesan Colombia se retira del Pacto de Bogotá: Causas y efectos / René Urueña Revisión de la jurisprudencia del Tribunal Europeo de Derechos Humanos en 2012 / Katerina Aranis, Dinka Benítez, María Ignacia Macari, Benjamín Rey y Judith Schönsteiner 
583 |a last modification  |c 20131129 12:34:00  |k Rodrigo Vera 
650 0 |a Derecho público chileno  |9 490549 
650 0 |a Derecho administrativo  |9 254851 
650 0 |a Procedimiento administrativo  |9 256132 
650 0 |a Jurisprudencia  |9 255952 
856 |u https://derecho.udp.cl/cms/wp-content/uploads/2020/06/Anuario-Derecho-Publico-2013.pdf  |y Disponible Online - Desde Derecho UDP 
942 |c BK  |2 ddc 
945 |d 20131129 12:34:00  |a dcastane 
952 |0 0  |1 0  |3 erb  |4 0  |6 342_830660000000000_UNI_2013  |7 0  |8 A  |9 459635  |a BIBDER  |b BIBDER  |i 5029368  |o 342.83066 UNI 2013  |p 5029368  |r 2023-01-25  |w 2019-11-23  |y BK  |z Catalogado en:20140307  |k DER